Statistiques concernant One Piece Red Nouvelle ère (paroles)

Cliquez ici pour prendre le quiz!

Statistiques générales

  • Ce quiz a été pris 22 fois
  • Le résultat moyen est 136 sur 311

Statistiques - réponses

Paroles% Correct
La
94%
la
94%
Nous
88%
nous
88%
nouvelle
88%
sommes
88%
à
82%
le
82%
Le
82%
ère
76%
l'aube
76%
d'une
71%
et
71%
Et
71%
changer
65%
de
65%
je
65%
Je
65%
mon
65%
monde
65%
un
65%
futur
59%
pour
59%
Pour
59%
tu
59%
une
59%
vous
59%
appelle
53%
ce
53%
est
53%
On
53%
on
53%
sauver
53%
les
41%
musique
41%
qui
41%
veux
41%
chanson
35%
dans
35%
déplait
35%
des
35%
Effaçons
35%
être
35%
gêne
35%
magique
35%
me
35%
chante
29%
nouveau
29%
que
29%
regrets
29%
avoue
24%
brille
24%
commence
24%
dit
24%
enfin
24%
éviter
24%
faire
24%
fou
24%
libre
24%
peut
24%
sais
24%
sauvera
24%
tout
24%
vivre
24%
y
24%
allons
18%
Alors
18%
avait
18%
C'est
18%
cette
18%
confiance
18%
depuis
18%
Depuis
18%
donnerais
18%
imaginer
18%
jouait
18%
l'avenir
18%
l'on
18%
maison
18%
m'as
18%
moins
18%
nos
18%
oh
18%
qu'on
18%
risquait
18%
sens
18%
si
18%
Si
18%
sont
18%
vers
18%
vivante
18%
yeux
18%
chanter
12%
Chanter
12%
danser
12%
délivrance
12%
essence
12%
face
12%
fais-moi
12%
Fermons
12%
heures
12%
mettra
12%
mieux
12%
peines
12%
pendant
12%
rien
12%
saisons
12%
scène
12%
secondes
12%
soigner
12%
Sur
12%
Tes
12%
toutes
12%
woh
12%
car
6%
couleurs
6%
d'autres
6%
derrière
6%
fera
6%
Laissons
6%
même
6%
mots
6%
notre
6%
sera
6%
sombre
6%
vie
6%

Distribution des résultats

Percentile par nombre de réponses

% des personnes avec chaque résultat

Votre développement - résultats

Vous n’avez pas pris ce quiz